000 00999nam a2200241Ia 4500
008 130821s2010 xxua gr eng
020 _a9780073405384
040 _aCo-BoUCM
_bspa
041 0 0 _aeng
245 0 0 _aUnderstanding and applying medical anthropology
_c[editado por] Peter J. Brown y Ronald L. Barrett
250 _a2nd ed.
260 _aNueva York (Estados Unidos)
_bMcGraw-Hill Higher Education
_c2010
300 _axii, 468 páginas
_bilustraciones
504 _aIncluye referencias bibliográficas e índice.
650 0 4 _aAntropología médica
_xFilosofía
_99200
650 0 4 _aAntropología médica
_xMetodología
_99200
650 0 4 _aSociología
_9386
700 1 _aBarrett, Ronald L.
_eeditor.
_9160488
700 1 _aBrown, Peter J.
_eeditor.
_9160489
856 4 1 _zConsulte las tablas de contenido haciendo clic aquí
_uhttp://www.loc.gov/catdir/enhancements/fy0907/2009009176-t.html
942 _cLIBRO
_a5
_e2
_mU554
_2DEWEY
_h306.461
999 _c40162
_d40162